Caricamento...
Advances in Protein chemistry V.18
| Autore principale: | |
|---|---|
| Altri autori: | , |
| Natura: | Printed Book |
| Lingua: | Undetermined English |
| Pubblicazione: |
Newyork
Academic press
1963
|
| Soggetti: |
| LEADER | 00494nam a2200169Ia 4500 | ||
|---|---|---|---|
| 008 | 140306s9999 xx 000 0 und d | ||
| 041 | |a eng | ||
| 100 | |a Anfinsen, C B | ||
| 245 | |a Advances in Protein chemistry V.18 | ||
| 260 | |a Newyork |b Academic press |c 1963 | ||
| 300 | |a 335 | ||
| 650 | |a 574.192 96 | ||
| 700 | |a Anson, M L | ||
| 700 | |a Edsall, John T | ||
| 942 | |2 ddc |c BK | ||
| 999 | |c 84976 |d 84976 | ||
| 952 | |0 0 |1 0 |2 ddc |4 0 |7 0 |9 81758 |a KAUACV |b KAUACV |d 2009-01-16 |p KAU_ACV-10672 |r 2014-03-22 |w 2014-03-22 |y BK | ||